UBT Library

The year book of Endocrinology (Record no. 52359)

000 -LEADER
fixed length control field 00345nam a22001457a 4500
008 - FIXED-LENGTH DATA ELEMENTS--GENERAL INFORMATION
fixed length control field 181122b xxu||||| |||| 00| 0 eng d
020 ## - INTERNATIONAL STANDARD BOOK NUMBER
International Standard Book Number 9780815104384
041 ## - LANGUAGE CODE
Language code of text/sound track or separate title eng
080 ## - UNIVERSAL DECIMAL CLASSIFICATION NUMBER
Universal Decimal Classification number 618 MAZZ
082 ## - DEWEY DECIMAL CLASSIFICATION NUMBER
Classification number 618 MAZZ
100 ## - Rafti
Rafti 10
101 ## - Shkurtesa
Shkurtesa END
245 ## - TITLE STATEMENT
Title The year book of Endocrinology
Statement of responsibility, etc Bagdade.J.D
942 ## - ADDED ENTRY ELEMENTS (KOHA)
Source of classification or shelving scheme
Item type Books

No items available.

UBT Library © 2015-2024. All rights reserved University Education for Business and Technology